01354nam a2200265 a 450000100100000000500170001000800410002702000150006804000250008310000350010824501300014326001250027330000210039849000280041949000970044750400730054450400320061750000780064970000590072770000400078683001040082683000350093095201060096599900170107100004325120201002040747.0140303s2006 sp 000 0 spa d a8472329631 aDO-SdBNPbspacBNPHU1 aRibes Leiva, Alberto J.97085310aFrancisco Ayala /cprólogo de José Enrique Rodríguez Ibáñez ; edición e introducción de Alberto J. Ribes Leiva. aMadrid :bAgencia Española de Cooperación Internacional, Ministerio de Asuntos Exteriores y de Cooperación,c2006. a215 p. ;c23 cm.1 aCiencias y humanismov71 aAntología del pensamiento político social y económico español sobre América Latina aIncluye referencias bibliográficas y notas al pie de las páginas aBibliografía : p. 196-198 aIncluye datos biográficos de la compiladora en la solapa de la cubierta1 aRodríguez Ibáñez, José Enriqueepról.9708541 aRibes Leiva, Alberto J.eed.970853 0aAntología del pensamiento político social y económico español sobre América Latina970855 0aCiencias y humanismov7970218 0010507-18MOaGRbGRcOId2014-03-03iLF1l0o p43251-10r2020-06-25w2020-06-25y1ZNo se presta c42740d42740